Trigo /

Guardado en:
Autor Corporativo: Asociación Argentina de Consorcios Regionales de Experimentación Agrícola.
Otros Autores: Satorre, Emilio Horacio.
Formato: Libro
Idioma:Spanish
Publicado: Buenos Aires : AACREA, 1996.
Series:Cuaderno Actualización Técnica, nº 56
Etiquetas: Agregar Etiqueta
Sin Etiquetas, Sea el primero en etiquetar este registro!
LEADER 00576nam a22001575a 4500
001 EEA.libagro006153
005 20161014105528.0
008 130809s1996####ag#a##########000#0#spa#d
082 0 4 |a 633.11 
245 0 0 |a Trigo /  |c coordinador: Emilio Satorre. 
260 |a Buenos Aires :  |b AACREA,  |c 1996. 
300 |a 141 p. :  |b ilus. ;  |c 28 cm. 
490 1 |a Cuaderno Actualización Técnica,  |x 1514-1276 ;  |v nº 56 
700 1 |a Satorre, Emilio Horacio. 
710 2 |a Asociación Argentina de Consorcios Regionales de Experimentación Agrícola. 
859 |a AR-BbBCA  |b BIB. AGRONOMIA  |h 633.11  |i S253  |p 1999/3512